| 000 | 00827nam a2200229 a 4500 | ||
|---|---|---|---|
| 001 | 41352 | ||
| 003 | BD-RjUL | ||
| 005 | 20211209053354.0 | ||
| 008 | 160529s1977 bg ||||| |||| 00| 0 ben d | ||
| 020 | _c: Tk. 12.00 | ||
| 035 | _a(BD-RjUL) 41469 | ||
| 040 |
_aBD-RjUL _bben _cBD-RjUL |
||
| 041 | _aben | ||
| 082 |
_223 _a398.20954922 _bCHP 1977 |
||
| 100 | 1 |
_aচৌধুরী, জীবন _9127159 |
|
| 245 | 1 | 0 |
_aপূর্ব-ময়মনসিংহের ছড়া / _cজীবন চৌধুরী |
| 260 |
_aঢাকা : _bবাঙলা একাডেমী, _c১৯৭৭ |
||
| 300 |
_a[৫], ১০৬ পৃ. ; _c২১ সেমি. |
||
| 650 |
_aলোক সাহিত্য _zময়মনসিংহ _9127160 |
||
| 650 |
_aFolk Literature _zEast-Mymensingh _9127161 |
||
| 942 |
_2ddc _cBK |
||
| 999 |
_c41352 _d41352 |
||